<?xml version="1.0" encoding="UTF-8"?>
<collection xmlns:xsi="http://www.w3.org/2001/XMLSchema-instance" xsi:schemaLocation="http://www.loc.gov/MARC21/slim http://www.loc.gov/standards/marcxml/schema/MARC21slim.xsd" xmlns="http://www.loc.gov/MARC21/slim">
 <record>
  <leader>00000ctm a22000003a 4500</leader>
  <controlfield tag="001">UP-99796217611289469</controlfield>
  <controlfield tag="003">Buklod</controlfield>
  <controlfield tag="005">20140521161919.0</controlfield>
  <controlfield tag="006">a     r    |||| u|</controlfield>
  <controlfield tag="007">ta</controlfield>
  <controlfield tag="008">140521s2014    xx     d     r    |||| u|</controlfield>
  <datafield tag="035" ind1=" " ind2=" ">
   <subfield code="a">(iLib)UPD-00217905229</subfield>
  </datafield>
  <datafield tag="040" ind1=" " ind2=" ">
   <subfield code="a">DCHE</subfield>
   <subfield code="e">rda</subfield>
  </datafield>
  <datafield tag="041" ind1=" " ind2=" ">
   <subfield code="a">eng</subfield>
  </datafield>
  <datafield tag="090" ind1=" " ind2=" ">
   <subfield code="a">LG 993.5 2014 C56</subfield>
   <subfield code="b">C35</subfield>
  </datafield>
  <datafield tag="100" ind1="1" ind2=" ">
   <subfield code="a">Canals, Maria Laya U.</subfield>
   <subfield code="e">author.</subfield>
  </datafield>
  <datafield tag="245" ind1="1" ind2="0">
   <subfield code="a">Development of a sustainable textile from bacterial cellulose made by acetobacter xylinum</subfield>
   <subfield code="c">Maria Laya U. Canals ; Kristyn T. Caragay, adviser.</subfield>
  </datafield>
  <datafield tag="264" ind1=" " ind2="0">
   <subfield code="a">Quezon City</subfield>
   <subfield code="b">College of Home Economics, University of the Philippines Diliman</subfield>
   <subfield code="c">2014.</subfield>
  </datafield>
  <datafield tag="300" ind1=" " ind2=" ">
   <subfield code="a">xiv, 73 leaves</subfield>
   <subfield code="b">color illustration</subfield>
   <subfield code="e">1 CD ROM (4 3/4 in.)</subfield>
  </datafield>
  <datafield tag="336" ind1=" " ind2=" ">
   <subfield code="a">text</subfield>
   <subfield code="2">rdacontent</subfield>
  </datafield>
  <datafield tag="337" ind1=" " ind2=" ">
   <subfield code="a">unmediated</subfield>
   <subfield code="2">rdamedia</subfield>
  </datafield>
  <datafield tag="338" ind1=" " ind2=" ">
   <subfield code="a">volume</subfield>
   <subfield code="2">rdacarrier</subfield>
  </datafield>
  <datafield tag="502" ind1=" " ind2=" ">
   <subfield code="a">Thesis (B.S. Clothing Technology)--University of the Philippines Diliman</subfield>
  </datafield>
  <datafield tag="520" ind1=" " ind2=" ">
   <subfield code="a">Recently, researchers and designers have been developing sustainable textiles that have a positive impact on the environment. One example is textile from bacterial cellulose, which can be an alternative to natural textiles that make use of massive resources and to synthetic textiles that produce toxic waste. Currently, the bacterial cellulose textile that has been developed are sheets that are formed to make garments. It has high water absorbency and zero air permeability, which makes the garment uncomfortable to wear. To address this issue, this research explored converting it to fibers then weaving it into fabric. Bacterial cellulose was produced by Acetobacter xylinum, having a food source of refined sugar and coconut water, which is very abundant in the Philippines. It is also regarded as waste. Bacterial cellulose pellicles were harvested after four days of incubation. These were dried into sheets then cut into fiber. The fibers were found to have tensile strength and elongation similar to cotton. However the diameter still needs to be refined. Nevertheless, the fibers were still managed to be woven into fabric by using it in the weft and by using polyester in the warp. The fabric was sewable but with difficulty. The fabric produced was air permeable and dimensionally stable, making it more comfortable to wear than currently available bacterial cellulose textile. The bacterial cellulose fabric developed in this research was found to be sustainable because raw materials and waste produced are non-toxic and biodegradable. The cost of production is also minimal. Applications of the developed fabric include garment parts that do not require movement and as home furnishings. The researcher recommends to develop a backyard production to augment income in communities with abundant coconut resources. It can be a viable sustainable alternative to commercially available textile, but would still have to be improved in terms of flexibility and fineness.</subfield>
  </datafield>
  <datafield tag="650" ind1=" " ind2="0">
   <subfield code="a">Acetobacter xylinum</subfield>
   <subfield code="z">Philippines.</subfield>
  </datafield>
  <datafield tag="650" ind1=" " ind2="0">
   <subfield code="a">Textiles</subfield>
   <subfield code="z">Philippines.</subfield>
  </datafield>
  <datafield tag="700" ind1="1" ind2=" ">
   <subfield code="a">Caragay, Kristyn T.</subfield>
   <subfield code="e">adviser.</subfield>
  </datafield>
  <datafield tag="905" ind1=" " ind2=" ">
   <subfield code="a">FI</subfield>
  </datafield>
  <datafield tag="852" ind1="0" ind2=" ">
   <subfield code="a">UPD</subfield>
   <subfield code="b">DCHE</subfield>
   <subfield code="h">LG 993.5 2014 C56</subfield>
   <subfield code="i">C35</subfield>
  </datafield>
  <datafield tag="942" ind1=" " ind2=" ">
   <subfield code="a">Thesis</subfield>
  </datafield>
 </record>
</collection>
